Aproximación al estado de las actividades de investigación y de cooperación científica y técnica sobre el medio ambiente con énfasis en biodiversidad (Registro nro. 6182)
[ vista simple ]
| 000 -CABECERA | |
|---|---|
| Campo de control | 00709nam a2200205 a 4500 |
| 005 - FECHA Y HORA DE LA ULTIMA TRANSACCION | |
| Campo de control | 20150722020002.0 |
| 008 - ELEMENTOS DE LONGITUD FIJA—INFORMACION GENERAL | |
| Campo de control | 140128b2007 ck ||||| |||| 00| 0 spa d |
| 020 ## - ISBN | |
| ISBN | 9789588343112 |
| 041 ## - IDIOMA | |
| Código de idioma para texto/pista de sonido o título separado | Español |
| 044 ## - PAÍS DE PUBLICACIÓN | |
| País de publicación | Colombia |
| 090 ## - CLASIFICACIÓN LOCAL | |
| Colección | IAVH |
| Consecutivo | 00788 |
| 100 ## - ASIENTO PRINCIPAL--NOMBRE PERSONAL | |
| Nombre personal | Yepes Guzmán, Adriana |
| 245 ## - MENCION DE TITULO | |
| Título | Aproximación al estado de las actividades de investigación y de cooperación científica y técnica sobre el medio ambiente con énfasis en biodiversidad |
| Parte restante del título | 2007 |
| 260 ## - PUBLICACION, DISTRIBUCION, ETC. (PIE DE IMPRENTA) | |
| Lugar de publicación, distribución, etc. | Bogotá |
| Nombre del editor, distribuidor, etc. | Instituto Alexander von Humboldt |
| Fecha de publicación, distribución, etc. | 2007 |
| 300 ## - DESCRIPCION FISICA | |
| Extensión | 52 p. |
| 700 ## - ASIENTO SECUNDARIO - NOMBRE PERSONAL | |
| Nombre personal | Galindo Garzón, Pilar |
| 700 ## - ASIENTO SECUNDARIO - NOMBRE PERSONAL | |
| Nombre personal | Vivas Segura, José Andrés |
| 700 ## - ASIENTO SECUNDARIO - NOMBRE PERSONAL | |
| Nombre personal | Mateus, Rubén Darío |
| 942 ## - ELEMENTOS ADICIONALES (KOHA) | |
| Tipo de ítem | CD-ROM |
| Sistema de clasificación | Local |
| Koha issues (borrowed), all copies | 3 |
| Withdrawn status | Lost status | Sistema de Clasificación | Damaged status | No para préstamo | Colección | Inventariado | Ubicación Permanente | Ubicación actual | Fecha de adquisición | Fuente de Valor | Valor | Total Checkouts | Número topográfico | Inventario / Código de Barras | Date last seen | Ejemplar | Price effective from | Forma de adquisición | Tipo de material | Date checked out |
|---|---|---|---|---|---|---|---|---|---|---|---|---|---|---|---|---|---|---|---|---|
| Dewey Decimal Classification | Humboldt | Inventariado 2017 | Bogotá | Bogotá | 30/09/2009 | Instituto | 39000.00 | 2 | IAVH-333.72 Y47a | 027630 | 21/07/2015 | Ej. 1 | 04/12/2012 | Institucional | Libro | 21/07/2015 | ||||
| Dewey Decimal Classification | Humboldt | Inventariado 2017 | Bogotá | Bogotá | 30/09/2009 | Instituto | 39000.00 | IAVH-333.72 Y47a | 027631 | 04/12/2012 | Ej. 2 | 04/12/2012 | Institucional | Libro | ||||||
| Dewey Decimal Classification | Humboldt | Inventariado 2017 | Sala Fabio Quevedo | Sala Fabio Quevedo | 18/07/2014 | Instituto | 39000.00 | 1 | IAVH-333.72 Y47a | 027629 | 05/09/2014 | Ej. 3 | 04/12/2012 | Libro | 04/09/2014 | |||||
| Local | Humboldt | Inventariado 2017 | Villa de Leyva | Villa de Leyva | 30/09/2009 | Instituto | 39000.00 | IAVH-00788 | 027628 | 04/12/2012 | Ej. 1 | 04/12/2012 | Libro |